[Event "Eurasia Cup op"]
[Site "Ekaterinburg"]
[Date "2019.08.08"]
[Round "9"]
[White "Dotsenko, Makar"]
[Black "Kozlov, Denis1111"]
[Result "0-1"]
[WhiteElo "1670"]
[BlackElo "2113"]
[PlyCount "80"]
[EventDate "2019.07.31"]
[EventType "swiss"]
[EventRounds "9"]
[EventCountry "RUS"]
[SourceTitle "EXT 2020"]
[Source "ChessBase"]
[SourceDate "2019.10.17"]
[SourceVersion "1"]
[SourceVersionDate "2019.10.17"]
[SourceQuality "1"]

1. d4 Nf6 2. c4 e6 3. Nf3 b6 4. g3 Ba6 5. Qc2 Bb7 6. Bg2 c5 7. 0-0 cxd4 8. Nxd4 Bxg2 9. Kxg2 Bc5 10. Nf3 0-0 11. Nc3 Nc6 12. e4 Nd4 13. Qd3 Nxf3 14. Qxf3 Bd4 15. Re1 Be5 16. Bf4 Qb8 17. Rad1 Rc8 18. b3 a6 19. Bxe5 Qxe5 20. Qd3 b5 21. f4 bxc4 22. fxe5 cxd3 23. Na4 Ng4 24. Rd2 Nxe5 25. Nb6 Rc2 26. Rxc2 dxc2 27. Rc1 Nd3 28. Rxc2 Ne1+ 29. Kf2 Nxc2 30. Nxa8 Kf8 31. Nc7 a5 32. Ke2 Ke7 33. Kd2 Nb4 34. a3 Nc6 35. Ke3 f5 36. exf5 exf5 37. b4 axb4 38. axb4 g5 39. b5 Nd8 40. Kd4 Nc6+ 0-1

[Event "Eurasia Cup op"]
[Site "Ekaterinburg"]
[Date "2019.08.07"]
[Round "7"]
[White "Dotsenko, Makar"]
[Black "Strukova, Ksenia"]
[Result "1/2-1/2"]
[WhiteElo "1670"]
[BlackElo "1857"]
[PlyCount "68"]
[EventDate "2019.07.31"]
[EventType "swiss"]
[EventRounds "9"]
[EventCountry "RUS"]
[SourceTitle "CBM 191 Extra"]
[Source "ChessBase"]
[SourceDate "2019.09.30"]
[SourceVersion "1"]
[SourceVersionDate "2019.09.30"]
[SourceQuality "1"]

1. d4 Nf6 2. c4 g6 3. f3 Bg7 4. e4 d6 5. Nc3 0-0 6. Be3 e5 7. Nge2 c6 8. Qd2 Nbd7 9. d5 cxd5 10. cxd5 a6 11. Ng3 h5 12. h4 b5 13. a3 Nh7 14. Bd3 Bf6 15. 0-0-0 Rb8 16. Nge2 Nc5 17. Bc2 Qc7 18. b4 Na4 19. Bxa4 bxa4 20. Kb1 Bd7 21. Rc1 Qb7 22. Ka2 a5 23. Rb1 Qa6 24. b5 Bxb5 25. Nxb5 Rxb5 26. Rxb5 Qxb5 27. Qc2 Qa6 28. Rc1 Rb8 29. Bf2 Bd8 30. Qc4 Qb7 31. Qc2 Kg7 32. Rb1 Qxb1+ 33. Qxb1 Rxb1 34. Kxb1 f5 1/2-1/2

[Event "Eurasia Cup op"]
[Site "Ekaterinburg"]
[Date "2019.08.05"]
[Round "5"]
[White "Karelina, Viktoriya"]
[Black "Dotsenko, Makar"]
[Result "1-0"]
[WhiteElo "1918"]
[BlackElo "1670"]
[PlyCount "64"]
[EventDate "2019.07.31"]
[EventType "swiss"]
[EventRounds "9"]
[EventCountry "RUS"]
[SourceTitle "CBM 191 Extra"]
[Source "ChessBase"]
[SourceDate "2019.09.30"]
[SourceVersion "1"]
[SourceVersionDate "2019.09.30"]
[SourceQuality "1"]

1. e4 c5 2. Nf3 Nc6 3. d4 cxd4 4. Nxd4 e5 5. Nb5 d6 6. c4 Be7 7. N5c3 Nf6 8. Bd3 0-0 9. 0-0 Be6 10. Nd5 Rc8 11. Nbc3 a6 12. Be3 Bxd5 13. exd5 Nb8 14. Rc1 Nbd7 15. Qe2 Re8 16. f3 Bf8 17. b4 g6 18. Qf2 Qe7 19. Ne4 Bg7 20. c5 dxc5 21. d6 Nxe4 22. Bxe4 Qxd6 23. Bxb7 c4 24. Rfd1 Qe7 25. Bxa6 Rc6 26. Bxc4 Rec8 27. Bb5 Rxc1 28. Rxc1 Rxc1+ 29. Bxc1 e4 30. Bxd7 Qxd7 31. Qd2 Bd4+ 32. Kh1 e3 1-0

[Event "Eurasia Cup op"]
[Site "Ekaterinburg"]
[Date "2019.08.03"]
[Round "4"]
[White "Dotsenko, Makar"]
[Black "Fedorov, Ivan"]
[Result "1/2-1/2"]
[WhiteElo "1688"]
[BlackElo "1976"]
[PlyCount "38"]
[EventDate "2019.07.31"]
[EventType "swiss"]
[EventRounds "9"]
[EventCountry "RUS"]
[SourceTitle "CBM 191 Extra"]
[Source "ChessBase"]
[SourceDate "2019.09.30"]
[SourceVersion "1"]
[SourceVersionDate "2019.09.30"]
[SourceQuality "1"]

1. d4 Nf6 2. c4 e6 3. Nf3 b6 4. g3 Bb7 5. Bg2 Be7 6. 0-0 0-0 7. Nc3 d6 8. d5 c6 9. e4 cxd5 10. exd5 e5 11. Nh4 Nbd7 12. f4 Rc8 13. b3 Ne8 14. Nf3 Bf6 15. Ne4 Nc5 16. Nxf6+ Qxf6 17. fxe5 Qxe5 18. Rb1 Qc3 19. Bb2 Qd3 1/2-1/2

[Event "Pardubice Czech op-D 29th"]
[Site "Pardubice"]
[Date "2018.07.28"]
[Round "9"]
[White "Dotsenko, Makar"]
[Black "Vrzal, Tomas"]
[Result "1-0"]
[WhiteElo "1552"]
[BlackElo "1679"]
[PlyCount "72"]
[EventDate "2018.07.21"]
[EventType "swiss"]
[EventRounds "9"]
[EventCountry "CZE"]
[SourceTitle "CBM 186 Extra"]
[Source "ChessBase"]
[SourceDate "2018.08.24"]
[SourceVersion "1"]
[SourceVersionDate "2018.08.24"]
[SourceQuality "1"]

1. d4 d5 2. c4 e6 3. Nc3 Nf6 4. Bg5 Be7 5. cxd5 exd5 6. e3 h6 7. Bh4 0-0 8. Bd3 c6 9. Qc2 a5 10. Nf3 Na6 11. a3 Nc7 12. 0-0 Ng4 13. Bxe7 Qxe7 14. Qe2 Nf6 15. h3 Ne4 16. Ne5 Qe8 17. Nxe4 dxe4 18. Bxe4 f6 19. Bg6 Qe6 20. Nd3 f5 21. Ne5 Nd5 22. Bh5 Nf6 23. Bf3 Nd7 24. Nxd7 Qxd7 25. Rfd1 Kh8 26. Rac1 Qd6 27. d5 c5 28. Qb5 b6 29. b4 Bd7 30. bxc5 Bxb5 31. cxd6 Rad8 32. Rb1 Ba6 33. Rd4 b5 34. Be2 Rb8 35. d7 Rfd8 36. d6 Rxd7 1-0

[Event "EU School-ch U13"]
[Site "Budva"]
[Date "2017.06.16"]
[Round "6"]
[White "Dotsenko, Makar"]
[Black "Damdinov, Zhegden"]
[Result "1-0"]
[WhiteElo "1478"]
[BlackElo "1543"]
[PlyCount "112"]
[EventDate "2017.06.11"]
[EventType "swiss"]
[EventRounds "9"]
[EventCountry "MNE"]
[SourceTitle "EXT 2024"]
[Source "ChessBase"]
[SourceDate "2023.10.10"]
[SourceVersion "1"]
[SourceVersionDate "2023.10.10"]
[SourceQuality "1"]

1. d4 c5 2. d5 d6 3. e4 g6 4. Nf3 Bg7 5. Nc3 Nf6 6. Bf4 a6 7. a4 Nh5 8. Bg5 Qb6 9. Ra2 Nd7 10. Be2 h6 11. Be3 Nhf6 12. Qd2 Ng4 13. Bf4 Nde5 14. 0-0 Nxf3+ 15. Bxf3 Ne5 16. Be2 h5 17. h3 0-0 18. Qe3 e6 19. dxe6 Bxe6 20. b3 Qc6 21. Rd1 Rad8 22. Nd5 Rfe8 23. Bg5 Rc8 24. Ne7+ Rxe7 25. Bxe7 d5 26. exd5 Bxd5 27. Qg3 Re8 28. Bg5 Nd7 29. Bf3 Bxf3 30. Qxf3 Qxf3 31. gxf3 Ne5 32. Kg2 f6 33. Be3 b6 34. Rd6 Rb8 35. Bf4 Nf7 36. Rxf6 Bxf6 37. Bxb8 Bc3 38. Bc7 b5 39. axb5 axb5 40. Ra8+ Kg7 41. Rb8 b4 42. Rc8 Ng5 43. Bd6 Ne6 44. Bxc5 Nxc5 45. Rxc5 Bd2 46. Rd5 Bc3 47. Kg3 Kf6 48. Kf4 g5+ 49. Ke4 Be1 50. Rd6+ Kf7 51. Kf5 g4 52. fxg4 hxg4 53. hxg4 Bxf2 54. Rd7+ Ke8 55. Rb7 Bc5 56. g5 Kf8 1-0

[Event "EU School-ch U13"]
[Site "Budva"]
[Date "2017.06.14"]
[Round "4"]
[White "Dotsenko, Makar"]
[Black "Pak, Nikita"]
[Result "1/2-1/2"]
[WhiteElo "1478"]
[BlackElo "1678"]
[PlyCount "21"]
[EventDate "2017.06.11"]
[EventType "swiss"]
[EventRounds "9"]
[EventCountry "MNE"]
[SourceTitle "EXT 2024"]
[Source "ChessBase"]
[SourceDate "2023.10.10"]
[SourceVersion "1"]
[SourceVersionDate "2023.10.10"]
[SourceQuality "1"]

1. d4 Nf6 2. c4 g6 3. Nc3 d5 4. cxd5 Nxd5 5. e4 Nxc3 6. bxc3 Bg7 7. Nf3 c5 8. Bb5+ Nd7 9. Be3 Qa5 10. Qb3 a6 11. Bd3 1/2-1/2

[Event "RUS-chT U14"]
[Site "Sochi"]
[Date "2017.05.10"]
[Round "9.4"]
[White "Postnikov, Roman"]
[Black "Dotsenko, Makar"]
[Result "1/2-1/2"]
[WhiteElo "2082"]
[BlackElo "1462"]
[PlyCount "106"]
[EventDate "2017.05.01"]
[EventType "team-tourn"]
[EventRounds "9"]
[EventCountry "RUS"]
[SourceTitle "CBM 178 Extra"]
[Source "ChessBase"]
[SourceDate "2017.06.22"]
[SourceVersion "1"]
[SourceVersionDate "2017.06.22"]
[SourceQuality "1"]

1. d4 d5 2. c4 e6 3. Nf3 Nf6 4. g3 Bb4+ 5. Bd2 Bd6 6. Bg2 c6 7. 0-0 Nbd7 8. Na3 Qe7 9. Qb3 Ne4 10. Rac1 Nxd2 11. Nxd2 b6 12. cxd5 cxd5 13. Nb5 0-0 14. e4 Bb4 15. Rfd1 Ba6 16. a4 Bxb5 17. axb5 Bxd2 18. Rxd2 dxe4 19. Bxe4 Rac8 20. Rdc2 Rxc2 21. Qxc2 Nf6 22. Bc6 Rd8 23. Qc4 h6 24. Ra1 Rc8 25. Qd3 Rc7 26. f3 Qd6 27. Ra4 Nd5 28. Qd2 Ne7 29. Be4 Rd7 30. Rc4 Rc7 31. Qc3 Rxc4 32. Qxc4 e5 33. dxe5 Qxe5 34. Qd3 Qc7 35. Qc3 Qc5+ 36. Qxc5 bxc5 37. Kf2 Kf8 38. Ke3 Ke8 39. Kd3 Kd7 40. Kc4 Kd6 41. h4 g5 42. h5 Nc8 43. Bb7 Nb6+ 44. Kc3 Ke5 45. Kd3 f5 46. b3 Ke6 47. Bc6 Kf6 48. Be8 Ke6 49. Bg6 Ke5 50. Bf7 Kd6 51. Kc3 Ke5 52. Bg8 g4 53. fxg4 fxg4 1/2-1/2